Histoire du drapeau du Mexique - Statistiques

Statistiques générales
  • Ce quiz a été pris 34 fois
  • Le résultat moyen est 4 sur 12
Statistiques - réponses
Hint Réponse % Correct
Deuxième drapeau de la Nouvelle-Espagne (1535-1821)
70%
Cinquième drapeau du Mexique (drapeau actuel depuis 1968)
67%
Premier drapeau de la Nouvelle-Espagne (1519-1535)
63%
Régence du Mexique (1821-1822)
60%
Quatrième drapeau du Mexique (1934-1968)
37%
Second empire mexicain (1864-1867)
37%
Premier empire mexicain (1822-1823)
20%
Troisième drapeau du Mexique (1916-1934)
17%
Première république fédérale mexicaine (1823-1835) et deuxième république fédérale mexicaine (1846-1863)
10%
Seconde régence du Mexique (1863-1864) et premier drapeau du Mexique (1867-1893)
10%
Deuxième drapeau du Mexique (1893-1916)
7%
République centraliste mexicaine (1835-1846)
0%
Aucun quiz correspondant
Distribution des résultats
% des personnes avec chaque résultat
Percentile par nombre de réponses
Votre historique - résultats
Vous n’avez pas pris ce quiz